000 00558nam a2200241Ia 4500
001 1543
003 GE_BSU
008 181216s||||||||xx |||||||||||||| ||und||
020 _a5020357464
040 _cGE_BSU
080 _a63(075.8):54(075.8)
100 _aМинеев.В.Г.
245 _aАгрохимия
245 _bУчубник для вузов.
250 _a3-е изд.
260 _aМосква
260 _bНаука
260 _c2006
300 _a720 с.
541 _h90л.
653 _aАгрохимия
942 _cBK
999 _c35670
_d35670